| 000 | 01227cam a22003377a 4500 | ||
|---|---|---|---|
| 003 | CHAP | ||
| 005 | 20220329142241.0 | ||
| 008 | 000328d1981 mx ab r 00010 spa d | ||
| 010 | _a80566 | ||
| 011 | _a81538 | ||
| 035 | _a92010 | ||
| 040 | _cCHAP | ||
| 082 | 0 | 4 |
_a636.3901 _bV4 |
| 100 | 0 | 0 |
_aVelarde García, Francisco. _9118363 |
| 245 | 1 | 0 |
_aCurso elemental de instalaciones caprinas _c/por Francisco Velarde García, Anacleto Rangel Dergal y Jesus René García Vázquez |
| 260 |
_aMéxico, D.F. ; _bSecretaria de Agricultura y Recursos Hidráulicos, _c1981. |
||
| 300 |
_a[c.a.] 200 h. _bilus. ; mapas |
||
| 590 |
_aBATCH-UPD _b10 _c20130110 _lUCH01 _h0332 |
||
| 590 |
_aBATCH-UPD _b10 _c20130110 _lUCH01 _h1958 |
||
| 590 |
_aBATCH-UPD _b10 _c20130410 _lUCH01 _h0005 |
||
| 590 |
_aBATCH-UPD _b10 _c20130914 _lUCH01 _h1508 |
||
| 590 |
_aCONVERSION _b10 _c20130109 _lUCH01 _h1345 |
||
| 650 | 1 | 4 |
_aGanado cabrío _xAlojamiento. _944991 |
| 650 | 1 | 4 |
_aGanado cabrío _xCría de. _945001 |
| 700 | 0 |
_aGarcía Vázquez, Jesus Rene. _946737 |
|
| 700 | 0 |
_aRangel Dergal. Anacleto. _994589 |
|
| 901 | _aBK | ||
| 905 | _aMayto Villalobos S. | ||
| 942 | _cLIBRO | ||
| 949 |
_a636.3901 V4 _bBC _cLIBRO _d33724000764817 _eLIBRO _h97120 _i92010 _si |
||
| 999 |
_c80566 _d80566 |
||